Medium-term forecasts for the production and marketing of certain fresh and processed fruit and vegetables : apples, pears, peaches, tomatoes, 1978, 1980.

Bibliographic Details
Corporate Author: Organisation for Economic Co-operation and Development
Format: Book
Language:English
Published: Paris : [Washington, D.C.] : Organisation for Economic Co-operation and Development ; [sold by OECD Publication Center], 1977.
Series:Agricultural products and markets.
Subjects:

MARC

Tag First Indicator Second Indicator Subfields
LEADER 00000cam a2200000 i 4500
001 in00000317543
005 20151010163308.0
008 780607s1977 fr a i00010 eng
010 |a  78306286  
015 |a F*** 
020 |a 9264116877 :  |c $3.75 (U.S.) 
035 |a (OCoLC)03460673 
035 |9 ABJ7239AM 
040 |a DLC  |c DLC  |d TXA  |d UtOrBLW 
049 |a TXAM  |c [1574645] 
050 0 0 |a HD9240.4  |b .O73 1977 
082 0 |a 382/.41/5 
110 2 |a Organisation for Economic Co-operation and Development. 
245 1 0 |a Medium-term forecasts for the production and marketing of certain fresh and processed fruit and vegetables :  |b apples, pears, peaches, tomatoes, 1978, 1980. 
264 1 |a Paris :  |b Organisation for Economic Co-operation and Development ;  |a [Washington, D.C.] :  |b [sold by OECD Publication Center],  |c 1977. 
300 |a 45 pages :  |b illustrations ;  |c 29 cm. 
336 |a text  |b txt  |2 rdacontent 
337 |a unmediated  |b n  |2 rdamedia 
338 |a volume  |b nc  |2 rdacarrier 
490 1 |a Agricultural products and markets 
650 0 |a Fruit trade  |z OECD countries. 
650 0 |a Vegetable trade  |z OECD countries. 
830 0 |a Agricultural products and markets. 
999 |a MARS 
999 f f |s e0b75d7f-f275-3544-b930-2b78a18ec1ba  |i 6affeaee-1902-394d-8cbc-b6abe3f24c70  |t 0 
952 f f |p ric  |a Texas A&M University  |b Rellis Campus  |c Joint Library Facility  |d Remote Storage  |t 0  |e HD9240.4 .O73 1977  |h Library of Congress classification  |i unmediated -- volume  |m A14802719288 
998 f f |a HD9240.4 .O73 1977  |t 0  |l Remote Storage